|
|
|
|
| LEADER |
01053nam a2200241 4500 |
| 001 |
DLU170180136 |
| 005 |
##20170608 |
| 040 |
# |
# |
|a DLU
|b vie
|
| 041 |
# |
# |
|a vie
|
| 044 |
# |
# |
|a vn
|
| 100 |
# |
# |
|a Huỳnh Ngọc Trưởng.
|
| 245 |
# |
# |
|a Tình hình nhiễm và tỉ lệ kháng thuốc của Vibrio spp. phân lập từ thủy sản và nước nuôi tại Tiền Giang =
|b Prevalence and antibiotic resistance pattern of Vibrio spp. isolated from aquaculture and environment in Tien Giang province /
|c Huỳnh Ngọc Trưởng, Trần Thị Ngọc Thanh, Nguyễn Tiến Dũng.
|
| 700 |
# |
# |
|a Nguyễn Tiến Dũng.
|
| 700 |
# |
# |
|a Trần Thị Ngọc Thanh.
|
| 773 |
# |
# |
|t Tạp chí Khoa học Đại học Sư phạm TP. Hồ Chí Minh: Khoa học tự nhiên
|g Số 2(67), 2015, tr. 157-166
|
| 920 |
# |
# |
|a Phòng Tạp chí -- Trung tâm Thông tin - Thư viện Trường Đại học Đà Lạt
|
| 900 |
# |
# |
|a True
|
| 911 |
# |
# |
|a Hoàng Thị Huyền
|
| 925 |
# |
# |
|a G
|
| 926 |
# |
# |
|a A
|
| 927 |
# |
# |
|a BB
|
| 980 |
# |
# |
|a Thư viện Trường Đại học Đà Lạt
|